Trestajúci zločin

Bibliographic Details
Main Author: Johanides, Ján, 1934-2008 (Author)
Format: Book
Language:Slovak
PhysicalDescription:96 s. 18 cm
Published: Bratislava Slovenský spisovateľ 1995
ISBN:8022006653
Subjects:

MARC

LEADER 00000cam a2200000 a 4500
001 vtls001124605
003 SK-MaSNL
005 20260301140648.0
008 240611s1995 xo g 0000f slo
015 |a SNBA1996/0200398 
020 |a 8022006653  |q (viaz.) 
035 |a SNK000067448 
035 |a urn:nbn:sk:snk-amjbhy 
035 |a urn:nbn:sk:snk-am003o6e 
035 |a 468C9B09-8EA6-4E37-A9F9-B5107F5309B6 
040 |a SNK  |b slo  |c SNK  |e AACR2 
041 0 |a slo 
044 |a xo  |c SK 
080 |a 885.4-3  |2 1981 
100 1 |a Johanides, Ján,  |d 1934-2008  |4 aut  |9 115871 
245 1 0 |a Trestajúci zločin  |c Ján Johanides 
260 |a Bratislava  |b Slovenský spisovateľ  |c 1995 
300 |a 96 s.  |c 18 cm 
655 7 |a slovenské novely  |2 SNKPH  |9 70570 
655 7 |a psychologické novely  |2 SNKPH  |9 86732 
852 |a Slovenská národná knižnica 
919 |a 80-220-0665-3 
954 |a beletria pôvodná (slovenská)  |2 lita 
958 |a SK 
958 |a LX 
999 |c 764549  |d 766479 
952 |t P60, <09>, [BOOK], {629}  |a SNK  |b SNK  |y NEVYP  |7 0  |o snkD 1  |i snk12/960102  |0 0  |1 0  |4 0  |d 1995-12-27  |l 0  |r 2004-12-31 00:00:00  |w 2026-02-24 
952 |t P60, <04>, [BOOK], {604}  |a SNK  |b SNK  |y VYP  |7 0  |p 17A0059179  |o snkSD 67541 D1  |i snkKSP 13/96  |0 0  |1 0  |4 0  |d 1995-12-27  |f 1  |l 0  |r 2004-12-31 00:00:00  |w 2026-02-24 
952 |a SNK  |b SNK  |y PREZ  |7 0  |p 17A1050990  |o snkSD 67541  |i snkKSP 12/96  |0 0  |1 0  |4 0  |d 2013-07-16  |l 0  |r 2026-02-24 00:15:29  |w 2026-02-24